Online
Catalog

Lascas / (Record no. 4937)

MARC details
000 -CABECERA
campo de control de longitud fija 00611cam a2200205 a 4500
001 - NÚMERO DE CONTROL
campo de control 000005134
005 - FECHA Y HORA DE LA ÚLTIMA TRANSACCIÓN
campo de control 20200929151604.0
008 - DATOS DE LONGITUD FIJA--INFORMACIÓN GENERAL
campo de control de longitud fija 780106s1917 sp b 000 0 spa
010 ## - NÚMERO DE CONTROL DE LA BIBLIOTECA DEL CONGRESO
Número de control de LC 18020990
040 ## - FUENTE DE LA CATALOGACIÓN
Centro catalogador/agencia de origen DO-SdBNP
Lengua de catalogación spa
Centro/agencia transcriptor BNPHU
082 ## - NÚMERO DE LA CLASIFICACIÓN DECIMAL DEWEY
Número de clasificación M861.6
Número de documento/Ítem D542l
100 1# - ENTRADA PRINCIPAL--NOMBRE DE PERSONA
Nombre de persona Diaz Miron, Salvador,
Fechas asociadas al nombre 1853-1928.
9 (RLIN) 14699
245 10 - MENCIÓN DE TÍTULO
Título Lascas /
Mención de responsabilidad, etc. Salvador Díaz Miron.
260 ## - PUBLICACIÓN, DISTRIBUCIÓN, ETC.
Lugar de publicación, distribución, etc. Madrid, :
Nombre del editor, distribuidor, etc. Editorial-América,
Fecha de publicación, distribución, etc. [1917?].
300 ## - DESCRIPCIÓN FÍSICA
Extensión 182 p. ;
Dimensiones 20 cm.
490 0# - MENCIÓN DE SERIE
Mención de serie Biblioteca Andres Bello. [XXVI]
650 #4 - PUNTO DE ACCESO ADICIONAL DE MATERIA--TÉRMINO DE MATERIA
Término de materia o nombre geográfico como elemento de entrada Poesía mexicana
9 (RLIN) 9120
650 #4 - PUNTO DE ACCESO ADICIONAL DE MATERIA--TÉRMINO DE MATERIA
Término de materia o nombre geográfico como elemento de entrada Poesía amorosa
9 (RLIN) 9227
650 #4 - PUNTO DE ACCESO ADICIONAL DE MATERIA--TÉRMINO DE MATERIA
Término de materia o nombre geográfico como elemento de entrada Emociones
Subdivisión general Poesía
9 (RLIN) 14700
Holdings
Estado de retiro Estado de pérdida Restricciones de uso No para préstamo Código de colección Localización permanente Ubicación/localización actual Ubicación en estantería Fecha de adquisición Número de inventario Total de préstamos Signatura topográfica completa Código de barras Fecha visto por última vez Precio válido a partir de Tipo de ítem Koha
    Préstamo interno   Monografías: Libros y Folletos General General En catalogación 29.07.2009 LF1   M861.6 D542l 5134-10 25.06.2020 25.06.2020 Préstamo interno

Powered by Koha